| 000 | 01915nam a2200589 i 4500 | ||
|---|---|---|---|
| 001 | 6965 | ||
| 003 | KOSZ 005 | ||
| 005 | 20200506145744.0 | ||
| 008 | 970629s1992 pl a |000 0 pol | ||
| 015 | _aUWD 1992/11580 | ||
| 035 | _a991001628159705066 | ||
| 035 | _a(PL-WaBN)b10462211-48omnis_nlop | ||
| 035 | _ab10462211 | ||
| 035 | _a(OCoLC)834079324 | ||
| 035 | _a(PL)b0000001046221 | ||
| 035 | _a(EXLNZ-48OMNIS_NETWORK)9910246248605606 | ||
| 040 |
_aWA N _cWA N _dKOSZ 005/AR |
||
| 041 | 0 | _apol | |
| 044 | _apl | ||
| 046 | _k1992 | ||
| 080 | _a 666.9 | ||
| 080 | _a 678 | ||
| 080 | _a678.7 | ||
| 080 | _a691 | ||
| 080 | _a(075.8) | ||
| 100 | 1 |
_aHop, Tadeusz _d(1920-2007) _eAutor |
|
| 245 | 1 | 0 |
_aBetony polimerowe. _nT. 2, _pBadania, teoria i projektowanie elementów, zastosowania / _cTadeusz Hop. |
| 260 |
_aGliwice : _bWydawnictwo Politechniki Śląskiej, _c1992. |
||
| 300 |
_aStrony 460-733, [1] strona : _bilustracje ; _c24 cm. |
||
| 336 |
_aTekst _btxt _2rdacontent |
||
| 337 |
_aBez urządzenia pośredniczącego _bn _2rdamedia |
||
| 338 |
_aWolumin _bnc _2rdacarrier |
||
| 380 | _aKsiążki | ||
| 380 | _aPublikacje dydaktyczne | ||
| 388 | _a1901-2000 | ||
| 388 | _a1989-2000 | ||
| 504 | _aBibliografia na stronach 711-726. | ||
| 521 | _aPodręcznik akademicki. | ||
| 650 | 7 |
_aBeton _2DBN |
|
| 650 | 7 |
_aBeton polimerowy _2DBN |
|
| 650 | 7 |
_aPolimery _2DBN |
|
| 650 | 7 |
_aBudownictwo _2DBN |
|
| 650 | 7 |
_aMateriały budowlane _2DBN |
|
| 650 | 7 | _aMateriały wiążące | |
| 655 | 7 |
_aPodręczniki akademickie _2DBN |
|
| 658 | _aArchitektura i budownictwo | ||
| 658 | _aInżynieria i technika | ||
| 710 | _aWydawnictwo Politechniki Śląskiej | ||
| 856 |
_uhttp://koha.tu.koszalin.pl/cgi-bin/koha/opac-detail.pl?biblionumber=6965 _yKatalog online BPK |
||
| 942 |
_2UKD _cKS |
||
| 999 |
_c6965 _d6965 |
||